|
|
|
|
| LEADER |
00000cam a2200000 7i4500 |
| 001 |
0000032558 |
| 005 |
20160330.0 |
| 008 |
120607 |
| 020 |
|
|
|a 9833898282 (Set)
|
| 020 |
|
|
|a 9833898367
|
| 090 |
0 |
0 |
|a SAI
|b MAL
|
| 100 |
0 |
|
|a Sailey Azizah
|
| 245 |
1 |
0 |
|a Tidak lagi sehaluan
|c Sailey Azizah
|
| 260 |
|
|
|a Selangor :
|b Express Edu ,
|c 2008
|
| 440 |
|
|
|a Kisah-kisah juvana
|
| 500 |
|
|
|a Teenager ages 13-18 years old (blue)
|
| 650 |
|
0 |
|a Malay fiction
|
| 999 |
|
|
|a 0001042525
|b Book
|c Adult Collection
|e Cawangan Tangkak
|
| 999 |
|
|
|a 0001042526
|b Book
|c Children Collection
|e Cawangan Taman Universiti
|
| 999 |
|
|
|a 0001042527
|b Book
|c Adult Collection
|e Cawangan Muar
|
| 999 |
|
|
|a 0001135881
|b Book
|c Teenagers
|e Cawangan Urban Transformation Centre
|
| 999 |
|
|
|a 0001135882
|b Book
|c Teenagers
|e Perbadanan Perpustakaan Awam Johor
|
| 999 |
|
|
|a 0001135883
|b Book
|c Teenagers
|e Perbadanan Perpustakaan Awam Johor
|
| 999 |
|
|
|a 0001135884
|b Book
|c Teenagers
|e Cawangan Urban Transformation Centre
|
| 999 |
|
|
|a 0001135885
|b Book
|c Teenagers
|e Perbadanan Perpustakaan Awam Johor
|